00715nam a2200253 a 4500001001300000003000900013005001700022008004100039020001000080082001600090100001600106245003200122260003600154300000900190500003500199505001000234650002300244650002700267700001600294902000800310942000700318952011900325999001700444nice12345678IN_TiNIC20260116015300.0050524s1999 lona grp 000 0 eng  ac59500a294.54bSIN aSinghi, N K aReligion Ritual and Royalty aLondonbWatts and Companyc1999 a317p aincludes index and biblioraphy2 aIndex aHinduism-Rajasthan aRajasthan-Oral History1 aSinghi, N K bSRS cBK 001040708StackRoom-aHMIbHMId2007-07-24g595.00l0o294.54 SINp11001142r2007-07-24v595.00w2005-05-24yBK c19057d19057